=LDR 00000nam 2200000 4500 =001 NUTBA000000000003137 =005 20150113103533.0 =006 =007 =008 =020 ##$$a 978-979-168-988-5 =035 ##$$0010-071400000000325 =040 ##$$a NBPDMAT =082 ##$$a 371.3 =090 ##$$a 371.3 $b Tur t =100 ##$$a Turmudi =245 ##$$a Taktik dan strategi pembelajaran matematika referensi untuk guru matematika seri 2 =260 ##$$a Jakarta : $b Reuser Cita Pustaka, $c 2009 =300 ##$$a vi, 178 hlm. ; 25 cm. =650 ##$$a Metode mengajar =990 ##$$a 21406657 =990 ##$$a 0001/BPAP-NTB/20142014 =990 ##$$a 0001/BPAP-NTB/20142015 =990 ##$$a 0001/BPAP-NTB/2015 =990 ##$$a 21602708/BPAP-NTB/2017